El correo de la unesco /

Guardado en:
Autor Principal: Unesco
Formato: Libro
Publicado: Paris : Unesco, 19591
Etiquetas: Agregar Etiqueta
Sin Etiquetas, Sea el primero en etiquetar este registro!
LEADER 02356nam a22004695a 4500
001 CEM.cems007139
005 20060214000000.0
008 130507b######################000#0#####d
003 CEMS
082 0 4 |a 050 
100 1 |a Unesco 
245 1 0 |a El correo de la unesco / 
260 |a Paris :  |b Unesco,  |c 19591 
859 |a CEMS  |b BIB. CEMS - 11 de abril  |h 050  |i C817  |p 202.04  |t Ej.1 
859 |a CEMS  |b BIB. CEMS - 11 de abril  |h 050  |i C817  |p 203.04  |t Ej.3 
859 |a CEMS  |b BIB. CEMS - 11 de abril  |h 050  |i C817  |p 204.04  |t Ej.4 
859 |a CEMS  |b BIB. CEMS - 11 de abril  |h 050  |i C817  |p 205.04  |t Ej.5 
859 |a CEMS  |b BIB. CEMS - 11 de abril  |h 050  |i C817  |p 207.04  |t Ej.6 
859 |a CEMS  |b BIB. CEMS - 11 de abril  |h 050  |i C817  |p 208.04  |t Ej.7 
859 |a CEMS  |b BIB. CEMS - 11 de abril  |h 050  |i C817  |p 209.04  |t Ej.8 
859 |a CEMS  |b BIB. CEMS - 11 de abril  |h 050  |i C817  |p 210.04  |t Ej.9 
859 |a CEMS  |b BIB. CEMS - 11 de abril  |h 050  |i C817  |p 211.04  |t Ej.10 
859 |a CEMS  |b BIB. CEMS - 11 de abril  |h 050  |i C817  |p 212.04  |t Ej.11 
859 |a CEMS  |b BIB. CEMS - 11 de abril  |h 050  |i C817  |p 213.04  |t Ej.12 
859 |a CEMS  |b BIB. CEMS - 11 de abril  |h 050  |i C817  |p 214.04  |t Ej.13 
859 |a CEMS  |b BIB. CEMS - 11 de abril  |h 050  |i C817  |p 215.04  |t Ej.14 
859 |a CEMS  |b BIB. CEMS - 11 de abril  |h 050  |i C817  |p 216.04  |t Ej.15 
859 |a CEMS  |b BIB. CEMS - 11 de abril  |h 050  |i C817  |p 217.04  |t Ej.16 
859 |a CEMS  |b BIB. CEMS - 11 de abril  |h 050  |i C817  |p 218.04  |t Ej.17 
859 |a CEMS  |b BIB. CEMS - 11 de abril  |h 050  |i C817  |p 219.04  |t Ej.18 
859 |a CEMS  |b BIB. CEMS - 11 de abril  |h 050  |i C817  |p 220.04  |t Ej.19 
859 |a CEMS  |b BIB. CEMS - 11 de abril  |h 050  |i C817  |p 221.04  |t Ej.20 
859 |a CEMS  |b BIB. CEMS - 11 de abril  |h 050  |i C817  |p 222.04  |t Ej.21 
859 |a CEMS  |b BIB. CEMS - 11 de abril  |h 050  |i C817  |p 223.04  |t Ej.22 
859 |a CEMS  |b BIB. CEMS - 11 de abril  |h 050  |i C817  |p 224.04  |t Ej.23 
859 |a CEMS  |b BIB. CEMS - 11 de abril  |h 050  |i C817  |p 225.04  |t Ej.24 
859 |a CEMS  |b BIB. CEMS - 11 de abril  |h 050  |i C817  |p 226.04  |t Ej.25 
859 |a CEMS  |b BIB. CEMS - 11 de abril  |h 050  |i C817  |p 227.04  |t Ej.26 
859 |a CEMS  |b BIB. CEMS - 11 de abril  |h 050  |i C817  |p 228.04  |t Ej.27 
859 |a CEMS  |b BIB. CEMS - 11 de abril  |h 050  |i C817  |p 229.04  |t Ej.28 
859 |a CEMS  |b BIB. CEMS - 11 de abril  |h 050  |i C817  |p 230.04  |t Ej.29 
859 |a CEMS  |b BIB. CEMS - 11 de abril  |h 050  |i C817  |p 231.04  |t Ej.30